Atalantica/ (Record no. 3406)

MARC details
000 -LEADER
campo de control de longitud fija 01863nam a22003497a 4500
003 - IDENTIFICADOR DE NÚMERO DE CONTROL
campo de control OSt
005 - FECHA Y HORA DE LA ÚLTIMA TRANSACCIÓN
campo de control 20230420123505.0
008 - DATOS DE LONGITUD FIJA--INFORMACIÓN GENERAL
campo de control de longitud fija 221006b |||||||| |||| 00| 0 eng d
040 ## - FUENTE DE CATALOGACIÓN
Centro/agencia transcriptor Biblioteca Lado V
082 ## - NÚMERO DE LA CLASIFICACIÓN DECIMAL DEWEY
Número de clasificación 700
Número de ítem Z39a
100 ## - ENTRADA PRINCIPAL--NOMBRE DE PERSONA
9 (RLIN) 802
Nombre de persona Zaya, Antonio
Término indicativo de función/relación editor
-- director
245 ## - MENCIÓN DEL TÍTULO
Título Atalantica/
Resto del título Revista de Arte y Pensamiento/
260 ## - PUBLICACIÓN, DISTRIBUCIÓN, ETC.
Nombre del editor, distribuidor, etc. Centro Atlantico de Arte Moderno
Fecha de publicación, distribución, etc. 1997
Lugar de publicación, distribución, etc. España
300 ## - DESCRIPCIÓN FÍSICA
Dimensiones 24x30cm
Extensión 224p.
366 ## - INFORMACIÓN SOBRE DISPONIBILIDAD COMERCIAL
Nota fre
366 ## - INFORMACIÓN SOBRE DISPONIBILIDAD COMERCIAL
Nota eng
490 ## - MENCIÓN DE SERIE
Designación de volumen o secuencia 1998
Número Internacional Normalizado para Publicaciones Seriadas 1132-8428
Mención de serie 18
505 ## - NOTA DE CONTENIDO CON FORMATO
Título Transformaciones
Nota de contenido con formato Tecnologías blandas<br/>La situación de los artistas<br/>Actuar sobre otras cosas<br/>Proyecto de Candice Breitz<br/>Un sueno o pesadilla del que nadie puede despertarnos<br/>Proyecto de Bili Bidjocka<br/>Titulo Virtual<br/>David and Goliath<br/>Azar, tiempo y Espacio en la Musica<br/>El Cascabel y El gato<br/>Algunas Lagrimas de Esperma<br/>La Obra: Objetos, Acciones<br/>Todo lo que quiso saber sobre juan Hidalgo<br/>El Arte sin Asideros<br/><br/>
505 ## - NOTA DE CONTENIDO CON FORMATO
Título Dossier Islas
Nota de contenido con formato Utopia del Espejo Roto<br/>Trabajo en Proceso<br/>Nueva Atlantida<br/>Entrevista con Jacqueline Fraser<br/>del cuaderno de la inmovil navegaion de un insulario
505 ## - NOTA DE CONTENIDO CON FORMATO
Título Revista
Nota de contenido con formato Dennis Callwood<br/>Encuentro en la Habana<br/>Duval Carrie<br/>Fernando Alamo<br/>Proyecto de Pedro Gonzalez
505 ## - NOTA DE CONTENIDO CON FORMATO
Título English Edition
650 ## - PUNTO DE ACCESO ADICIONAL DE MATERIA--TÉRMINO DE MATERIA
Fuente del encabezamiento o término Tesauro de Arte & Arquitectura
Término de materia o nombre geográfico como elemento de entrada ARTE
9 (RLIN) 703
650 ## - PUNTO DE ACCESO ADICIONAL DE MATERIA--TÉRMINO DE MATERIA
Fuente del encabezamiento o término Tesauro de Arte & Arquitectura
Término de materia o nombre geográfico como elemento de entrada EXPOSICIONES
650 ## - PUNTO DE ACCESO ADICIONAL DE MATERIA--TÉRMINO DE MATERIA
Fuente del encabezamiento o término Tesauro de Arte & Arquitectura
Término de materia o nombre geográfico como elemento de entrada CULTURA
650 ## - PUNTO DE ACCESO ADICIONAL DE MATERIA--TÉRMINO DE MATERIA
Fuente del encabezamiento o término Tesauro de Arte & Arquitectura
Término de materia o nombre geográfico como elemento de entrada APRECIACION
650 ## - PUNTO DE ACCESO ADICIONAL DE MATERIA--TÉRMINO DE MATERIA
Fuente del encabezamiento o término Tesauro de Arte & Arquitectura
Término de materia o nombre geográfico como elemento de entrada TEORIA
650 ## - PUNTO DE ACCESO ADICIONAL DE MATERIA--TÉRMINO DE MATERIA
Fuente del encabezamiento o término Tesauro de Arte & Arquitectura
Término de materia o nombre geográfico como elemento de entrada CRITICA
650 ## - PUNTO DE ACCESO ADICIONAL DE MATERIA--TÉRMINO DE MATERIA
Fuente del encabezamiento o término Tesauro de Arte & Arquitectura
Término de materia o nombre geográfico como elemento de entrada FOTOGRAFIA
9 (RLIN) 702
650 ## - PUNTO DE ACCESO ADICIONAL DE MATERIA--TÉRMINO DE MATERIA
Fuente del encabezamiento o término Tesauro de Arte & Arquitectura
Término de materia o nombre geográfico como elemento de entrada LITERATURA
650 ## - PUNTO DE ACCESO ADICIONAL DE MATERIA--TÉRMINO DE MATERIA
Fuente del encabezamiento o término Tesauro de Arte & Arquitectura
Término de materia o nombre geográfico como elemento de entrada ESPAÑA
942 ## - ELEMENTOS DE ENTRADA SECUNDARIOS (KOHA)
Fuente del sistema de clasificación o colocación Clasificación Decimal Dewey
Tipo de ítem Koha Libros
Parte de la signatura que corresponde a la clasificación (Parte de la clasificación) 700
Parte de la signatura que identifica el ejemplar (Parte del ítem) Z39a
Suprimir en OPAC No
Holdings
Estatus retirado Estado de pérdida Fuente del sistema de clasificación o colocación Especificación de materiales (volumen encuadernado u otra parte) Estado de daño No para préstamo Colección Biblioteca de origen Biblioteca actual Fecha de adquisición Enumeración/cronología de publicación seriada Número de inventario Total de préstamos Signatura topográfica completa Código de barras Visto por última vez Precio de reemplazo Tipo de ítem Koha
    Clasificación Decimal Dewey 1997     Revistas Biblioteca LadoV Biblioteca LadoV 20/04/2023 18 003572   700 Z39a 003572 20/04/2023 20/04/2023 Libros